Juventus Full Squads (2000-) - Statistics

General Stats
  • This quiz has been taken 2,124 times
    1,495 since last reset
  • The average score is 362 of 625
Answer Stats
Year # Pos/Country Answer % Correct
2001-2002 1 GK Gianluigi Buffon
98%
2002-2003 1 GK Gianluigi Buffon
98%
2003-2004 1 GK Gianluigi Buffon
98%
2004-2005 1 GK Gianluigi Buffon
98%
2005-2006 1 GK Gianluigi Buffon
98%
2006-2007 1 GK Gianluigi Buffon
98%
2007-2008 1 GK Gianluigi Buffon
98%
2008-2009 1 GK Gianluigi Buffon
98%
2009-2010 1 GK Gianluigi Buffon
98%
2010-2011 1 GK Gianluigi Buffon
98%
2011-2012 1 GK Gianluigi Buffon
98%
2012-2013 1 GK Gianluigi Buffon
98%
2013-2014 1 GK Gianluigi Buffon
98%
2014-2015 1 GK Gianluigi Buffon
98%
2015-2016 1 GK Gianluigi Buffon
98%
2016-2017 1 GK Gianluigi Buffon
98%
2017-2018 1 GK Gianluigi Buffon
98%
2019-2020 77 GK Gianluigi Buffon
98%
2020-2021 77 GK Gianluigi Buffon
98%
2018-2019 7 FW Cristiano Ronaldo
96%
2019-2020 7 FW Cristiano Ronaldo
96%
2020-2021 7 FW Cristiano Ronaldo
96%
2005-2006 3 DF Giorgio Chiellini
96%
2006-2007 3 DF Giorgio Chiellini
96%
2007-2008 3 DF Giorgio Chiellini
96%
2008-2009 3 DF Giorgio Chiellini
96%
2009-2010 3 DF Giorgio Chiellini
96%
2010-2011 3 DF Giorgio Chiellini
96%
2011-2012 3 DF Giorgio Chiellini
96%
2012-2013 3 DF Giorgio Chiellini
96%
2013-2014 3 DF Giorgio Chiellini
96%
2014-2015 3 DF Giorgio Chiellini
96%
2015-2016 3 DF Giorgio Chiellini
96%
2016-2017 3 DF Giorgio Chiellini
96%
2017-2018 3 DF Giorgio Chiellini
96%
2018-2019 3 DF Giorgio Chiellini
96%
2019-2020 3 DF Giorgio Chiellini
96%
2020-2021 3 DF Giorgio Chiellini
96%
2021-2022 3 DF Giorgio Chiellini
96%
2010-2011 19 DF Leonardo Bonucci
95%
2011-2012 19 DF Leonardo Bonucci
95%
2012-2013 19 DF Leonardo Bonucci
95%
2013-2014 19 DF Leonardo Bonucci
95%
2014-2015 19 DF Leonardo Bonucci
95%
2015-2016 19 DF Leonardo Bonucci
95%
2016-2017 19 DF Leonardo Bonucci
95%
2018-2019 19 DF Leonardo Bonucci
95%
2019-2020 19 DF Leonardo Bonucci
95%
2020-2021 19 DF Leonardo Bonucci
95%
2021-2022 19 DF Leonardo Bonucci
95%
2022-2023 19 DF Leonardo Bonucci
95%
2015-2016 21 FW Paulo Dybala
92%
2016-2017 21 FW Paulo Dybala
92%
2017-2018 10 FW Paulo Dybala
92%
2018-2019 10 FW Paulo Dybala
92%
2019-2020 10 FW Paulo Dybala
92%
2020-2021 10 FW Paulo Dybala
92%
2021-2022 10 FW Paulo Dybala
92%
2014-2015 9 FW Álvaro Morata
91%
2015-2016 9 FW Álvaro Morata
91%
2020-2021 9 FW Álvaro Morata
91%
2021-2022 9 FW Álvaro Morata
91%
2015-2016 16 MF Juan Cuadrado
91%
2016-2017 7 MF Juan Cuadrado
91%
2017-2018 7 MF Juan Cuadrado
91%
2018-2019 16 MF Juan Cuadrado
91%
2019-2020 16 MF Juan Cuadrado
91%
2020-2021 16 MF Juan Cuadrado
91%
2021-2022 11 MF Juan Cuadrado
91%
2022-2023 11 MF Juan Cuadrado
91%
2016-2017 5 MF Miralem Pjanić
91%
2017-2018 5 MF Miralem Pjanić
91%
2018-2019 5 MF Miralem Pjanić
91%
2019-2020 5 MF Miralem Pjanić
91%
2000-2001 10 FW Alessandro Del Piero
90%
2001-2002 10 FW Alessandro Del Piero
90%
2002-2003 10 FW Alessandro Del Piero
90%
2003-2004 10 FW Alessandro Del Piero
90%
2004-2005 10 FW Alessandro Del Piero
90%
2005-2006 10 FW Alessandro Del Piero
90%
2006-2007 10 FW Alessandro Del Piero
90%
2007-2008 10 FW Alessandro Del Piero
90%
2008-2009 10 FW Alessandro Del Piero
90%
2009-2010 10 FW Alessandro Del Piero
90%
2010-2011 10 FW Alessandro Del Piero
90%
2011-2012 10 FW Alessandro Del Piero
90%
2021-2022 7 FW Dušan Vlahović
90%
2022-2023 9 FW Dušan Vlahović
90%
2023-2024 9 FW Dušan Vlahović
90%
2024-2025 9 FW Dušan Vlahović
90%
2016-2017 9 FW Gonzalo Higuaín
90%
2017-2018 9 FW Gonzalo Higuaín
90%
2019-2020 21 FW Gonzalo Higuaín
90%
2015-2016 17 FW Mario Mandžukić
90%
2016-2017 17 FW Mario Mandžukić
90%
2017-2018 17 FW Mario Mandžukić
90%
2018-2019 17 FW Mario Mandžukić
90%
2017-2018 23 GK Wojciech Szczesny
90%
2018-2019 1 GK Wojciech Szczesny
90%
2019-2020 1 GK Wojciech Szczesny
90%
2020-2021 1 GK Wojciech Szczesny
90%
2021-2022 1 GK Wojciech Szczesny
90%
2022-2023 1 GK Wojciech Szczesny
90%
2023-2024 1 GK Wojciech Szczesny
90%
2018-2019 23 MF Emre Can
89%
2019-2020 23 MF Emre Can
89%
2012-2013 6 MF Paul Pogba
89%
2013-2014 6 MF Paul Pogba
89%
2014-2015 6 MF Paul Pogba
89%
2015-2016 10 MF Paul Pogba
89%
2023-2024 10 MF Paul Pogba
89%
2010-2011 15 DF Andrea Barzagli
88%
2011-2012 15 DF Andrea Barzagli
88%
2012-2013 15 DF Andrea Barzagli
88%
2013-2014 15 DF Andrea Barzagli
88%
2014-2015 15 DF Andrea Barzagli
88%
2015-2016 15 DF Andrea Barzagli
88%
2016-2017 15 DF Andrea Barzagli
88%
2017-2018 15 DF Andrea Barzagli
88%
2018-2019 15 DF Andrea Barzagli
88%
2015-2016 6 MF Sami Khedira
88%
2016-2017 6 MF Sami Khedira
88%
2017-2018 6 MF Sami Khedira
88%
2018-2019 6 MF Sami Khedira
88%
2019-2020 6 MF Sami Khedira
88%
2011-2012 22 MF Arturo Vidal
87%
2012-2013 23 MF Arturo Vidal
87%
2013-2014 23 MF Arturo Vidal
87%
2014-2015 23 MF Arturo Vidal
87%
2001-2002 11 MF Pavel Nedved
87%
2002-2003 11 MF Pavel Nedved
87%
2003-2004 11 MF Pavel Nedved
87%
2004-2005 11 MF Pavel Nedved
87%
2005-2006 11 MF Pavel Nedved
87%
2006-2007 11 MF Pavel Nedved
87%
2007-2008 11 MF Pavel Nedved
87%
2008-2009 11 MF Pavel Nedved
87%
2020-2021 14 MF Weston McKennie
87%
2021-2022 14 MF Weston McKennie
87%
2022-2023 8 MF Weston McKennie
87%
2023-2024 16 MF Weston McKennie
87%
2024-2025 16 MF Weston McKennie
87%
2011-2012 21 MF Andrea Pirlo
86%
2012-2013 21 MF Andrea Pirlo
86%
2013-2014 21 MF Andrea Pirlo
86%
2014-2015 21 MF Andrea Pirlo
86%
2015-2016 12 DF Alex Sandro
85%
2016-2017 12 DF Alex Sandro
85%
2017-2018 12 DF Alex Sandro
85%
2018-2019 12 DF Alex Sandro
85%
2019-2020 12 DF Alex Sandro
85%
2020-2021 12 DF Alex Sandro
85%
2021-2022 12 DF Alex Sandro
85%
2022-2023 12 DF Alex Sandro
85%
2023-2024 12 DF Alex Sandro
85%
2019-2020 13 DF Danilo
84%
2020-2021 13 DF Danilo
84%
2021-2022 6 DF Danilo
84%
2022-2023 6 DF Danilo
84%
2023-2024 6 DF Danilo
84%
2024-2025 6 DF Danilo
84%
2019-2020 4 DF Matthijs de Ligt
84%
2020-2021 4 DF Matthijs de Ligt
84%
2021-2022 4 DF Matthijs de Ligt
84%
2017-2018 11 FW Douglas Costa
83%
2018-2019 11 FW Douglas Costa
83%
2019-2020 11 FW Douglas Costa
83%
2020-2021 22 FW Federico Chiesa
82%
2021-2022 22 FW Federico Chiesa
82%
2022-2023 7 FW Federico Chiesa
82%
2023-2024 7 FW Federico Chiesa
82%
2023-2024 15 FW Kenan Yıldız
82%
2024-2025 10 FW Kenan Yıldız
82%
2011-2012 26 DF Stephan Lichtsteiner
82%
2012-2013 26 DF Stephan Lichtsteiner
82%
2013-2014 26 DF Stephan Lichtsteiner
82%
2014-2015 26 DF Stephan Lichtsteiner
82%
2015-2016 26 DF Stephan Lichtsteiner
82%
2016-2017 26 DF Stephan Lichtsteiner
82%
2017-2018 26 DF Stephan Lichtsteiner
82%
2019-2020 8 MF Aaron Ramsey
81%
2020-2021 8 MF Aaron Ramsey
81%
2022-2023 3 DF Bremer
81%
2023-2024 3 DF Bremer
81%
2024-2025 3 DF Bremer
81%
2006-2007 15 MF Claudio Marchisio
81%
2008-2009 19 MF Claudio Marchisio
81%
2009-2010 8 MF Claudio Marchisio
81%
2010-2011 8 MF Claudio Marchisio
81%
2011-2012 8 MF Claudio Marchisio
81%
2012-2013 8 MF Claudio Marchisio
81%
2013-2014 8 MF Claudio Marchisio
81%
2014-2015 8 MF Claudio Marchisio
81%
2015-2016 8 MF Claudio Marchisio
81%
2016-2017 8 MF Claudio Marchisio
81%
2017-2018 8 MF Claudio Marchisio
81%
2016-2017 4 DF Medhi Benatia
81%
2017-2018 4 DF Medhi Benatia
81%
2018-2019 4 DF Medhi Benatia
81%
2024-2025 19 MF Khéphren Thuram
80%
2001-2002 21 DF Lilian Thuram
80%
2002-2003 21 DF Lilian Thuram
80%
2003-2004 21 DF Lilian Thuram
80%
2004-2005 21 DF Lilian Thuram
80%
2005-2006 21 DF Lilian Thuram
80%
2012-2013 22 MF Kwadwo Asamoah
79%
2013-2014 22 MF Kwadwo Asamoah
79%
2014-2015 22 MF Kwadwo Asamoah
79%
2015-2016 22 MF Kwadwo Asamoah
79%
2016-2017 22 MF Kwadwo Asamoah
79%
2017-2018 22 MF Kwadwo Asamoah
79%
2017-2018 14 MF Blaise Matuidi
78%
2018-2019 14 MF Blaise Matuidi
78%
2019-2020 14 MF Blaise Matuidi
78%
2013-2014 10 FW Carlos Tevez
78%
2014-2015 10 FW Carlos Tevez
78%
2017-2018 30 MF Rodrigo Bentancur
78%
2018-2019 30 MF Rodrigo Bentancur
78%
2019-2020 30 MF Rodrigo Bentancur
78%
2020-2021 30 MF Rodrigo Bentancur
78%
2021-2022 30 MF Rodrigo Bentancur
78%
2004-2005 9 FW Zlatan Ibrahimović
78%
2005-2006 9 FW Zlatan Ibrahimović
78%
2021-2022 27 MF Manuel Locatelli
77%
2022-2023 5 MF Manuel Locatelli
77%
2023-2024 5 MF Manuel Locatelli
77%
2024-2025 5 MF Manuel Locatelli
77%
2009-2010 2 DF Martín Cáceres
76%
2011-2012 4 DF Martín Cáceres
76%
2012-2013 4 DF Martín Cáceres
76%
2013-2014 4 DF Martín Cáceres
76%
2014-2015 4 DF Martín Cáceres
76%
2015-2016 4 DF Martín Cáceres
76%
2018-2019 4 DF Martín Cáceres
76%
2000-2001 17 FW David Trezeguet
75%
2001-2002 17 FW David Trezeguet
75%
2002-2003 17 FW David Trezeguet
75%
2003-2004 17 FW David Trezeguet
75%
2004-2005 17 FW David Trezeguet
75%
2005-2006 17 FW David Trezeguet
75%
2006-2007 17 FW David Trezeguet
75%
2007-2008 17 FW David Trezeguet
75%
2008-2009 17 FW David Trezeguet
75%
2009-2010 17 FW David Trezeguet
75%
2019-2020 25 MF Adrien Rabiot
74%
2020-2021 25 MF Adrien Rabiot
74%
2021-2022 25 MF Adrien Rabiot
74%
2022-2023 25 MF Adrien Rabiot
74%
2023-2024 25 MF Adrien Rabiot
74%
2022-2023 14 FW Arkadiusz Milik
74%
2023-2024 14 FW Arkadiusz Milik
74%
2000-2001 1 GK Edwin van der Sar
74%
2004-2005 28 DF Fabio Cannavaro
74%
2005-2006 28 DF Fabio Cannavaro
74%
2009-2010 5 DF Fabio Cannavaro
74%
2018-2019 22 GK Mattia Perin
72%
2021-2022 36 GK Mattia Perin
72%
2022-2023 36 GK Mattia Perin
72%
2023-2024 36 GK Mattia Perin
72%
2024-2025 1 GK Mattia Perin
72%
2023-2024 22 FW Timothy Weah
72%
2024-2025 22 FW Timothy Weah
72%
2020-2021 5 MF Arthur Melo
71%
2021-2022 5 MF Arthur Melo
71%
2020-2021 44 MF Dejan Kulusevski
71%
2021-2022 44 MF Dejan Kulusevski
71%
2018-2019 20 DF João Cancelo
69%
2017-2018 2 DF Mattia De Sciglio
69%
2018-2019 2 DF Mattia De Sciglio
69%
2019-2020 2 DF Mattia De Sciglio
69%
2021-2022 2 DF Mattia De Sciglio
69%
2022-2023 2 DF Mattia De Sciglio
69%
2011-2012 14 FW Mirko Vucinić
69%
2012-2013 9 FW Mirko Vucinić
69%
2013-2014 9 FW Mirko Vucinić
69%
2022-2023 17 MF Filip Kostić
68%
2023-2024 11 MF Filip Kostić
68%
2024-2025 7 FW Francisco Conceição
68%
2013-2014 14 FW Fernando Llorente
67%
2014-2015 14 FW Fernando Llorente
67%
2024-2025 8 MF Teun Koopmeiners
67%
2015-2016 24 DF Daniele Rugani
65%
2016-2017 24 DF Daniele Rugani
65%
2017-2018 24 DF Daniele Rugani
65%
2018-2019 24 DF Daniele Rugani
65%
2019-2020 24 DF Daniele Rugani
65%
2021-2022 24 DF Daniele Rugani
65%
2022-2023 24 DF Daniele Rugani
65%
2023-2024 24 DF Daniele Rugani
65%
2022-2023 15 DF Federico Gatti
63%
2023-2024 4 DF Federico Gatti
63%
2024-2025 4 DF Federico Gatti
63%
2009-2010 4 MF Felipe Melo
63%
2010-2011 4 MF Felipe Melo
63%
2015-2016 18 MF Mario Lemina
63%
2016-2017 18 MF Mario Lemina
63%
2014-2015 33 DF Patrice Evra
63%
2015-2016 33 DF Patrice Evra
63%
2016-2017 33 DF Patrice Evra
63%
2017-2018 33 FW Federico Bernardeschi
62%
2018-2019 33 FW Federico Bernardeschi
62%
2019-2020 33 FW Federico Bernardeschi
62%
2020-2021 33 FW Federico Bernardeschi
62%
2021-2022 20 FW Federico Bernardeschi
62%
2024-2025 29 GK Michele Di Gregorio
62%
2000-2001 23 DF Gianluca Zambrotta
60%
2001-2002 19 DF Gianluca Zambrotta
60%
2002-2003 19 DF Gianluca Zambrotta
60%
2003-2004 19 DF Gianluca Zambrotta
60%
2004-2005 19 DF Gianluca Zambrotta
60%
2005-2006 19 DF Gianluca Zambrotta
60%
2000-2001 21 MF Zinédine Zidane
60%
2016-2017 23 DF Dani Alves
59%
2019-2020 28 DF Merih Demiral
59%
2020-2021 28 DF Merih Demiral
59%
2000-2001 26 MF Edgar Davids
58%
2001-2002 26 MF Edgar Davids
58%
2002-2003 26 MF Edgar Davids
58%
2003-2004 26 MF Edgar Davids
58%
2024-2025 15 DF Pierre Kalulu
58%
2024-2025 6 DF Lloyd Kelly
57%
2022-2023 22 FW Ángel Di María
56%
2000-2001 9 FW Filippo Inzaghi
56%
2000-2001 5 DF Igor Tudor
55%
2001-2002 5 DF Igor Tudor
55%
2002-2003 5 DF Igor Tudor
55%
2003-2004 5 DF Igor Tudor
55%
2004-2005 5 DF Igor Tudor
55%
2018-2019 18 FW Moise Kean
55%
2021-2022 18 FW Moise Kean
55%
2022-2023 18 FW Moise Kean
55%
2023-2024 18 FW Moise Kean
55%
2010-2011 32 FW Alessandro Matri
54%
2011-2012 32 FW Alessandro Matri
54%
2012-2013 32 FW Alessandro Matri
54%
2014-2015 32 FW Alessandro Matri
54%
2023-2024 27 DF Andrea Cambiaso
54%
2024-2025 27 DF Andrea Cambiaso
54%
2002-2003 16 MF Mauro Camoranesi
54%
2003-2004 16 MF Mauro Camoranesi
54%
2004-2005 16 MF Mauro Camoranesi
54%
2005-2006 16 MF Mauro Camoranesi
54%
2006-2007 16 MF Mauro Camoranesi
54%
2007-2008 8 MF Mauro Camoranesi
54%
2008-2009 16 MF Mauro Camoranesi
54%
2009-2010 16 MF Mauro Camoranesi
54%
2015-2016 25 GK Neto
53%
2016-2017 25 GK Neto
53%
2006-2007 43 FW Sebastian Giovinco
53%
2008-2009 20 FW Sebastian Giovinco
53%
2009-2010 20 FW Sebastian Giovinco
53%
2012-2013 12 FW Sebastian Giovinco
53%
2013-2014 12 FW Sebastian Giovinco
53%
2014-2015 12 FW Sebastian Giovinco
53%
2010-2011 18 FW Fabio Quagliarella
52%
2011-2012 18 FW Fabio Quagliarella
52%
2012-2013 27 FW Fabio Quagliarella
52%
2013-2014 27 FW Fabio Quagliarella
52%
2024-2025 11 FW Nico González
52%
2014-2015 11 FW Kingsley Coman
51%
2015-2016 11 FW Kingsley Coman
51%
2012-2013 17 FW Nicklas Bendtner
51%
2020-2021 41 MF Nicolò Fagioli
51%
2022-2023 44 MF Nicolò Fagioli
51%
2023-2024 21 MF Nicolò Fagioli
51%
2024-2025 21 MF Nicolò Fagioli
51%
2005-2006 4 MF Patrick Vieira
51%
2024-2025 20 FW Randal Kolo Muani
51%
2024-2025 26 MF Douglas Luiz
50%
2012-2013 33 DF Mauricio Isla
49%
2013-2014 33 DF Mauricio Isla
49%
2009-2010 6 DF Fabio Grosso
47%
2010-2011 6 DF Fabio Grosso
47%
2011-2012 6 DF Fabio Grosso
47%
2000-2001 4 DF Paolo Montero
46%
2001-2002 4 DF Paolo Montero
46%
2002-2003 4 DF Paolo Montero
46%
2003-2004 4 DF Paolo Montero
46%
2004-2005 4 DF Paolo Montero
46%
2014-2015 37 MF Roberto Pereyra
46%
2015-2016 37 MF Roberto Pereyra
46%
2021-2022 47 MF Fabio Miretti
45%
2022-2023 20 MF Fabio Miretti
45%
2023-2024 20 MF Fabio Miretti
45%
2010-2011 23 FW Simone Pepe
45%
2011-2012 7 FW Simone Pepe
45%
2014-2015 7 FW Simone Pepe
45%
2007-2008 9 FW Vincenzo Iaquinta
44%
2008-2009 9 FW Vincenzo Iaquinta
44%
2009-2010 9 FW Vincenzo Iaquinta
44%
2010-2011 9 FW Vincenzo Iaquinta
44%
2008-2009 13 GK Alexander Manninger
43%
2009-2010 13 GK Alexander Manninger
43%
2000-2001 8 MF Antonio Conte
43%
2001-2002 8 MF Antonio Conte
43%
2002-2003 8 MF Antonio Conte
43%
2003-2004 8 MF Antonio Conte
43%
2021-2022 28 MF Denis Zakaria
43%
2016-2017 20 FW Marko Pjaca
43%
2012-2013 18 FW Nicolas Anelka
43%
2024-2025 51 FW Samuel Mbangula
43%
2017-2018 21 DF Benedikt Höwedes
42%
2004-2005 8 MF Émerson
42%
2005-2006 8 MF Émerson
42%
2017-2018 16 GK Carlo Pinsoglio
41%
2010-2011 30 GK Marco Storari
41%
2011-2012 30 GK Marco Storari
41%
2012-2013 30 GK Marco Storari
41%
2013-2014 30 GK Marco Storari
41%
2014-2015 30 GK Marco Storari
41%
2010-2011 27 FW Milos Krasic
41%
2011-2012 27 FW Milos Krasic
41%
2007-2008 22 MF Mohamed Sissoko
41%
2008-2009 22 MF Mohamed Sissoko
41%
2009-2010 22 MF Mohamed Sissoko
41%
2010-2011 5 MF Mohamed Sissoko
41%
2014-2015 27 MF Stefano Sturaro
41%
2015-2016 27 MF Stefano Sturaro
41%
2016-2017 27 MF Stefano Sturaro
41%
2017-2018 27 MF Stefano Sturaro
41%
2005-2006 18 FW Adrian Mutu
40%
2009-2010 28 MF Diego
40%
2007-2008 7 MF Hasan Salihamidzic
40%
2008-2009 7 MF Hasan Salihamidzic
40%
2009-2010 7 MF Hasan Salihamidzic
40%
2015-2016 11 MF Hernanes
40%
2016-2017 11 MF Hernanes
40%
2024-2025 32 DF Juan Cabal
40%
2006-2007 29 DF Paolo De Ceglie
40%
2008-2009 29 DF Paolo De Ceglie
40%
2009-2010 29 DF Paolo De Ceglie
40%
2010-2011 29 DF Paolo De Ceglie
40%
2011-2012 11 DF Paolo De Ceglie
40%
2012-2013 11 DF Paolo De Ceglie
40%
2013-2014 11 DF Paolo De Ceglie
40%
2020-2021 37 DF Radu Drăgușin
40%
2022-2023 43 FW Samuel Iling-Junior
40%
2023-2024 17 FW Samuel Iling-Junior
40%
2008-2009 18 MF Christian Poulsen
39%
2009-2010 18 MF Christian Poulsen
39%
2000-2001 2 DF Ciro Ferrara
39%
2001-2002 2 DF Ciro Ferrara
39%
2002-2003 2 DF Ciro Ferrara
39%
2003-2004 2 DF Ciro Ferrara
39%
2004-2005 2 DF Ciro Ferrara
39%
2022-2023 32 MF Leandro Paredes
39%
2024-2025 12 DF Renato Veiga
39%
2007-2008 21 DF Zdenek Grygera
39%
2008-2009 21 DF Zdenek Grygera
39%
2009-2010 21 DF Zdenek Grygera
39%
2010-2011 21 DF Zdenek Grygera
39%
2008-2009 8 FW Amauri
38%
2009-2010 11 FW Amauri
38%
2010-2011 11 FW Amauri
38%
2001-2002 9 FW Marcelo Salas
38%
2002-2003 9 FW Marcelo Salas
38%
2016-2017 28 MF Tomás Rincón
38%
2010-2011 20 FW Luca Toni
36%
2022-2023 30 FW Matías Soulé
36%
2015-2016 7 FW Simone Zaza
36%
2001-2002 25 FW Marcelo Zalayeta
35%
2002-2003 25 FW Marcelo Zalayeta
35%
2003-2004 25 FW Marcelo Zalayeta
35%
2004-2005 25 FW Marcelo Zalayeta
35%
2005-2006 25 FW Marcelo Zalayeta
35%
2006-2007 25 FW Marcelo Zalayeta
35%
2010-2011 2 DF Marco Motta
35%
2013-2014 16 DF Marco Motta
35%
2005-2006 6 DF Robert Kovac
35%
2006-2007 4 DF Robert Kovac
35%
2004-2005 27 DF Jonathan Zebina
34%
2005-2006 27 DF Jonathan Zebina
34%
2006-2007 27 DF Jonathan Zebina
34%
2007-2008 5 DF Jonathan Zebina
34%
2008-2009 5 DF Jonathan Zebina
34%
2009-2010 15 DF Jonathan Zebina
34%
2008-2009 4 DF Olof Mellberg
34%
2005-2006 32 GK Christian Abbiati
33%
2003-2004 23 DF Nicola Legrottaglie
33%
2004-2005 6 DF Nicola Legrottaglie
33%
2006-2007 30 DF Nicola Legrottaglie
33%
2007-2008 33 DF Nicola Legrottaglie
33%
2008-2009 33 DF Nicola Legrottaglie
33%
2009-2010 33 DF Nicola Legrottaglie
33%
2010-2011 33 DF Nicola Legrottaglie
33%
2024-2025 37 DF Nicolò Savona
33%
2000-2001 20 MF Alessio Tacchinardi
32%
2001-2002 20 MF Alessio Tacchinardi
32%
2002-2003 3 MF Alessio Tacchinardi
32%
2003-2004 3 MF Alessio Tacchinardi
32%
2004-2005 3 MF Alessio Tacchinardi
32%
2000-2001 7 DF Gianluca Pessotto
32%
2001-2002 7 DF Gianluca Pessotto
32%
2002-2003 7 DF Gianluca Pessotto
32%
2003-2004 7 DF Gianluca Pessotto
32%
2004-2005 7 DF Gianluca Pessotto
32%
2005-2006 7 DF Gianluca Pessotto
32%
2012-2013 2 DF Lúcio
32%
2003-2004 18 MF Stephen Appiah
31%
2004-2005 18 MF Stephen Appiah
31%
2024-2025 40 DF Jonas Rouhi
30%
2011-2012 24 MF Emanuele Giaccherini
29%
2012-2013 24 MF Emanuele Giaccherini
29%
2016-2017 32 GK Emil Audero
29%
2011-2012 20 MF Simone Padoin
29%
2012-2013 20 MF Simone Padoin
29%
2013-2014 20 MF Simone Padoin
29%
2014-2015 20 MF Simone Padoin
29%
2015-2016 20 MF Simone Padoin
29%
2018-2019 37 DF Leonardo Spinazzola
28%
2000-2001 13 DF Mark Iuliano
28%
2001-2002 13 DF Mark Iuliano
28%
2002-2003 13 DF Mark Iuliano
28%
2003-2004 13 DF Mark Iuliano
28%
2004-2005 13 DF Mark Iuliano
28%
2000-2001 15 DF Alessandro Birindelli
27%
2001-2002 15 DF Alessandro Birindelli
27%
2002-2003 15 DF Alessandro Birindelli
27%
2003-2004 15 DF Alessandro Birindelli
27%
2004-2005 15 DF Alessandro Birindelli
27%
2006-2007 2 DF Alessandro Birindelli
27%
2007-2008 2 DF Alessandro Birindelli
27%
2011-2012 17 FW Eljero Elia
27%
2006-2007 9 FW Valeri Bozhinov
27%
2013-2014 5 DF Angelo Ogbonna
26%
2014-2015 5 DF Angelo Ogbonna
26%
2006-2007 18 DF Jean-Alain Boumsong
26%
2007-2008 18 DF Jean-Alain Boumsong
26%
2011-2012 28 MF Marcelo Estigarribia
26%
2002-2003 18 FW Marco Di Vaio
26%
2003-2004 20 FW Marco Di Vaio
26%
2007-2008 30 MF Tiago Mendes
26%
2008-2009 30 MF Tiago Mendes
26%
2009-2010 30 MF Tiago Mendes
26%
2022-2023 45 MF Enzo Barrenechea
25%
2011-2012 23 FW Marco Borriello
25%
2013-2014 34 GK Rubinho
24%
2006-2007 6 MF Cristiano Zanetti
23%
2007-2008 6 MF Cristiano Zanetti
23%
2008-2009 6 MF Cristiano Zanetti
23%
2003-2004 9 FW Fabrizio Miccoli
22%
2023-2024 26 MF Carlos Alcaraz
21%
2010-2011 25 FW Jorge Martínez
21%
2021-2022 17 DF Luca Pellegrini
21%
2009-2010 26 MF Antonio Candreva
20%
2005-2006 14 DF Federico Balzaretti
20%
2006-2007 14 DF Federico Balzaretti
20%
2010-2011 14 MF Alberto Aquilani
19%
2002-2003 12 GK Antonio Chimenti
19%
2003-2004 12 GK Antonio Chimenti
19%
2004-2005 12 GK Antonio Chimenti
19%
2005-2006 12 GK Antonio Chimenti
19%
2013-2014 18 FW Daniel Osvaldo
19%
2020-2021 38 DF Gianluca Frabotta
19%
2010-2011 17 DF Armand Traoré
18%
2007-2008 28 DF Cristian Molinaro
18%
2008-2009 28 DF Cristian Molinaro
18%
2009-2010 19 DF Cristian Molinaro
18%
2000-2001 18 FW Darko Kovačević
18%
2010-2011 43 DF Frederik Sørensen
18%
2001-2002 22 GK Fabián Carini
17%
2002-2003 23 MF Rubén Olivera
17%
2003-2004 24 MF Rubén Olivera
17%
2004-2005 24 MF Rubén Olivera
17%
2005-2006 24 MF Rubén Olivera
17%
2000-2001 37 GK Antonio Mirante
16%
2006-2007 12 GK Antonio Mirante
16%
2000-2001 11 FW Daniel Fonseca
16%
2012-2013 13 DF Federico Peluso
16%
2013-2014 13 DF Federico Peluso
16%
2023-2024 41 MF Hans Nicolussi Caviglia
16%
2006-2007 32 MF Marco Marchionni
16%
2007-2008 32 MF Marco Marchionni
16%
2008-2009 32 MF Marco Marchionni
16%
2018-2019 35 MF Matheus Pereira
16%
2000-2001 6 MF Fabián O'Neill
15%
2001-2002 6 MF Fabián O'Neill
15%
2007-2008 14 DF Jorge Andrade
15%
2006-2007 19 MF Matteo Paro
15%
2007-2008 23 MF Antonio Nocerino
14%
2005-2006 23 MF Giuliano Giannichedda
14%
2006-2007 8 MF Giuliano Giannichedda
14%
2011-2012 34 DF Luca Marrone
14%
2012-2013 39 DF Luca Marrone
14%
2004-2005 20 MF Manuele Blasi
14%
2005-2006 20 MF Manuele Blasi
14%
2006-2007 20 FW Raffaele Palladino
14%
2007-2008 20 FW Raffaele Palladino
14%
2014-2015 2 MF Rômulo
14%
2001-2002 16 MF Enzo Maresca
13%
2003-2004 14 MF Enzo Maresca
13%
2023-2024 47 MF Joseph Nonge
13%
2000-2001 12 GK Michelangelo Rampulla
13%
2001-2002 12 GK Michelangelo Rampulla
13%
2001-2002 27 FW Nicola Amoruso
13%
2001-2002 14 DF Cristian Zenoni
12%
2002-2003 14 DF Cristian Zenoni
12%
2004-2005 23 MF Olivier Kapo
11%
2007-2008 4 MF Sergio Almirón
11%
2007-2008 19 DF Domenico Criscito
10%
2000-2001 3 DF Michele Paramatti
10%
2001-2002 3 DF Michele Paramatti
10%
2011-2012 5 MF Michele Pazienza
10%
2000-2001 28 DF Athirson
9%
2008-2009 15 DF Dario Knezevic
9%
2019-2020 38 MF Simone Muratore
9%
2000-2001 14 MF Jonathan Bachini
8%
2005-2006 22 GK Landry Bonnefoi
8%
2020-2021 39 MF Manolo Portanova
8%
2000-2001 25 MF Matteo Brighi
8%
2007-2008 12 GK Emanuele Belardi
7%
2000-2001 16 DF Marco Zanchi
7%
2002-2003 6 DF Salvatore Fresi
7%
2020-2021 52 DF Wesley Gasolina
7%
2002-2003 20 MF Davide Baiocco
6%
2002-2003 24 DF Emiliano Moretti
6%
2007-2008 25 DF Guglielmo Stendardo
6%
2001-2002 38 MF Tomás Guzmán
6%
2006-2007 13 DF Felice Piccolo
5%
2008-2009 41 DF Lorenzo Ariaudo
5%
2019-2020 46 FW Luca Zanimacchia
5%
2005-2006 26 DF Gladstone
4%
2003-2004 32 MF Viktor Budyanskiy
4%
2017-2018 38 MF Fabrizio Caligara
3%
2006-2007 40 MF Dario Venitucci
2%
No matching quizzes found
Score Distribution
Percent of People with Each Score
Percentile by Number Answered
Your Score History
You have not taken this quiz since the last reset